Democracy Against Capitalism renewing historical materialism

Salvato in:
Dettagli Bibliografici
Autore principale: Wood, Ellen Meiksins
Natura: Libro
Lingua:inglese
Pubblicazione: London VERSO 2016
Soggetti:
Tags: Aggiungi Tag
Nessun Tag, puoi essere il primo ad aggiungerne!!

MARC

LEADER 00000nam a2200000 4500
001 0223309
005 20240314103438.0
020 |a 978-1-78478-244-3 
041 0 |a eng 
044 |a GB 
245 1 0 |a Democracy Against Capitalism  |b renewing historical materialism  |c Ellen Meiksins Wood 
264 1 |a London  |b VERSO  |c 2016 
300 |a 300 s. 
610 2 0 |a materializmus 
610 2 0 |a história 
610 2 0 |a demokracia 
610 2 0 |a kapitalizmus 
610 2 0 |a emancipácia 
610 2 0 |a vzťahy spoločenské 
610 2 0 |a moc politická 
610 2 0 |a triedy spoločenské 
610 2 0 |a teórie politické 
610 2 0 |a filozofia 
100 1 |a Wood, Ellen Meiksins